[Event "DEN-chT 0506"]
[Site "Denmark"]
[Date "2006.01.14"]
[Round "4.2"]
[White "Mortensen, Erling"]
[Black "Sorensen, Bent"]
[Result "1-0"]
[WhiteElo "2474"]
[BlackElo "2262"]
[PlyCount "87"]
[EventDate "2005.11.05"]
[EventType "team-tourn"]
[EventRounds "9"]
[EventCountry "DEN"]
[SourceTitle "EXT 2023"]
[Source "ChessBase"]
[SourceDate "2022.10.05"]
[SourceVersion "1"]
[SourceVersionDate "2022.10.05"]
[SourceQuality "1"]
[WhiteTeam "Helsingor"]
[BlackTeam "Norresundby"]
[WhiteTeamCountry "DEN"]
[BlackTeamCountry "DEN"]

1. e4 e6 2. d4 d5 3. Nc3 Bb4 4. e5 c5 5. a3 Bxc3+ 6. bxc3 Ne7 7. Nf3 Bd7 8. dxc5 Qa5 9. Rb1 Na6 10. Rxb7 Nxc5 11. Rb4 Ne4 12. Bd3 Rc8 13. 0-0 Nxc3 14. Qe1 Na2 15. Rb7 Qxe1 16. Rxe1 Nxc1 17. Rxc1 Nc6 18. Bb5 Ke7 19. c4 dxc4 20. Rxc4 Nb8 21. Nd2 a6 22. Bxd7 Nxd7 23. f4 Rhd8 24. Kf2 Ke8 25. Ne4 Rxc4 26. Nd6+ Kf8 27. Nxc4 Rc8 28. Nd6 Rc2+ 29. Kf3 Rc3+ 30. Kg4 Ke7 31. Nxf7 Kxf7 32. Rxd7+ Kg6 33. Rd6 h5+ 34. Kh4 Rc2 35. Kh3 Kf5 36. g3 a5 37. Ra6 g5 38. fxg5 Re2 39. g6 Kxg6 40. Rxe6+ Kg5 41. Re8 Re3 42. e6 Kf6 43. Kh4 Kg6 44. Rg8+ 1-0

[Event "DEN-chT 0506"]
[Site "Denmark"]
[Date "2005.11.05"]
[Round "1.2"]
[White "Matthiesen, Arne"]
[Black "Mortensen, Erling"]
[Result "1/2-1/2"]
[WhiteElo "2368"]
[BlackElo "2474"]
[PlyCount "63"]
[EventDate "2005.11.05"]
[EventType "team-tourn"]
[EventRounds "9"]
[EventCountry "DEN"]
[SourceTitle "EXT 2023"]
[Source "ChessBase"]
[SourceDate "2022.10.05"]
[SourceVersion "1"]
[SourceVersionDate "2022.10.05"]
[SourceQuality "1"]
[WhiteTeam "Copenhagen 68"]
[BlackTeam "Helsingor"]
[WhiteTeamCountry "DEN"]
[BlackTeamCountry "DEN"]

1. d4 g6 2. Nf3 Bg7 3. c4 d6 4. Nc3 Nd7 5. g3 e5 6. Bg2 Nh6 7. c5 0-0 8. cxd6 cxd6 9. e4 Ng4 10. 0-0 exd4 11. Nxd4 Nc5 12. Nde2 a5 13. Bf4 Ne5 14. Rb1 Be6 15. b3 Qd7 16. Nd5 Rae8 17. Bh6 Bxd5 18. Bxg7 Bxb3 19. axb3 Kxg7 20. Qd4 Kg8 21. Rfd1 Rd8 22. Nf4 Nc6 23. Qc3 Nb4 24. e5 Qe7 25. exd6 Rxd6 26. Re1 Qc7 27. Bxb7 Nbd3 28. Nxd3 Rxd3 29. Qc4 Rb8 30. b4 axb4 31. Rxb4 Rdd8 32. Rb5 1/2-1/2

[Event "Champions Challenge 113th"]
[Site "Playchess.com INT"]
[Date "2005.09.24"]
[Round "1.1"]
[White "Reiss, Tibor"]
[Black "Mortensen, Erling"]
[Result "1-0"]
[WhiteElo "2397"]
[BlackElo "2466"]
[PlyCount "81"]
[EventDate "2005.09.24"]
[EventType "k.o. (blitz)"]
[EventRounds "5"]
[EventCountry "GER"]
[SourceTitle "EXT 2007"]
[Source "ChessBase"]
[SourceDate "2006.11.23"]
[SourceVersion "1"]
[SourceVersionDate "2006.11.23"]
[SourceQuality "1"]

1. d4 Nf6 2. Bg5 d5 3. Bxf6 exf6 4. e3 Bd6 5. g3 0-0 6. Bg2 c6 7. Nd2 Qb6 8. b3 Qa5 9. Ne2 Bg4 10. 0-0 Bb4 11. Nf3 Nd7 12. Qd3 g6 13. c3 Bd6 14. Rfc1 Rfe8 15. a4 Bf5 16. Qd2 Be4 17. Ne1 Bxg2 18. Kxg2 f5 19. Nd3 Nf6 20. f3 Re6 21. Re1 Rae8 22. Nef4 R6e7 23. h4 Qc7 24. Qf2 Kg7 25. c4 dxc4 26. bxc4 c5 27. d5 h6 28. Rab1 g5 29. hxg5 hxg5 30. Nh3 Kg6 31. Re2 Rh8 32. Rh1 Ree8 33. Ree1 Rh5 34. f4 Ne4 35. Qe2 g4 36. Nhf2 Qe7 37. Rxh5 Kxh5 38. Rh1+ Kg6 39. Nxg4 Nxg3 40. Kxg3 Qxe3+ 41. Nxe3 1-0

[Event "Champions Challenge 111th"]
[Site "Playchess.com INT"]
[Date "2005.09.10"]
[Round "1.3"]
[White "Cappon, John"]
[Black "Mortensen, Erling"]
[Result "0-1"]
[WhiteElo "2216"]
[BlackElo "2466"]
[PlyCount "146"]
[EventDate "2005.09.10"]
[EventType "k.o. (blitz)"]
[EventRounds "5"]
[EventCountry "GER"]
[SourceTitle "EXT 2007"]
[Source "ChessBase"]
[SourceDate "2006.11.23"]
[SourceVersion "1"]
[SourceVersionDate "2006.11.23"]
[SourceQuality "1"]

1. e4 c5 2. Nf3 e6 3. c3 d5 4. e5 d4 5. Bd3 Nc6 6. 0-0 Nge7 7. Na3 Ng6 8. Qe2 Be7 9. cxd4 Nxd4 10. Nxd4 Qxd4 11. Bb5+ Bd7 12. Bxd7+ Qxd7 13. d3 0-0 14. Nc4 Rfd8 15. Rd1 b5 16. Na3 a6 17. Nc2 Qd5 18. f4 Nh4 19. Be3 Nf5 20. Bf2 Rac8 21. b3 Qb7 22. Rac1 Rd7 23. g4 Nh4 24. Bxh4 Bxh4 25. Ne3 Be7 26. Rc2 Rcd8 27. Rcd2 Rd4 28. Qf2 g6 29. Nc2 R4d5 30. Qf3 Qb6 31. Kg2 Qa5 32. Ne3 Rd4 33. Nc2 R4d7 34. Ne3 Qc7 35. h3 Bf8 36. g5 h5 37. gxh6 Bxh6 38. Ng4 Bg7 39. h4 Qb7 40. Qxb7 Rxb7 41. d4 Rbd7 42. Kf3 cxd4 43. Ke4 Kf8 44. Rxd4 Rxd4+ 45. Rxd4 Rc8 46. a4 bxa4 47. Rxa4 Rc6 48. Ne3 Rb6 49. Nc4 Rc6 50. Rb4 Kg8 51. Rb6 Rxb6 52. Nxb6 Bf8 53. Nc4 Be7 54. Nb2 Bxh4 55. Nd3 a5 56. Nc5 Be1 57. Nb7 Kg7 58. Kd3 g5 59. fxg5 Kg6 60. Ke3 Kxg5 61. Ke4 Kg4 62. Nd6 Kg5 63. Nxf7+ Kg6 64. Nd8 Kg7 65. Nxe6+ Kf7 66. Nd4 Ke7 67. Nc6+ Kd7 68. Nxa5 Bxa5 69. e6+ Kxe6 70. Kd3 Bb4 71. Kc4 Ba3 72. b4 Bb2 73. b5 Be5 0-1

[Event "Champions Challenge 106th"]
[Site "Playchess.com INT"]
[Date "2005.08.06"]
[Round "1.3"]
[White "Solodovnichenko, Yuri"]
[Black "Mortensen, Erling"]
[Result "1/2-1/2"]
[WhiteElo "2536"]
[BlackElo "2466"]
[PlyCount "123"]
[EventDate "2005.08.06"]
[EventType "k.o. (blitz)"]
[EventRounds "5"]
[EventCountry "GER"]
[SourceTitle "EXT 2007"]
[Source "ChessBase"]
[SourceDate "2006.11.23"]
[SourceVersion "1"]
[SourceVersionDate "2006.11.23"]
[SourceQuality "1"]

1. e4 c5 2. Nf3 e6 3. d4 cxd4 4. Nxd4 a6 5. c4 Nf6 6. Nc3 Qc7 7. Qe2 Nc6 8. Nxc6 dxc6 9. e5 Nd7 10. Bf4 b5 11. g3 Bb7 12. Bg2 Be7 13. 0-0 0-0 14. Rad1 Rfd8 15. h4 Nc5 16. h5 b4 17. Ne4 Nxe4 18. Qxe4 h6 19. Be3 a5 20. c5 Rd5 21. Qg4 Qxe5 22. Bxd5 cxd5 23. Bd4 Qg5 24. Qxg5 hxg5 25. Rfe1 Bc6 26. f3 Re8 27. Kf2 Bd8 28. Rd3 f6 29. f4 gxf4 30. gxf4 Kf7 31. a3 Bc7 32. axb4 axb4 33. Kf3 e5 34. fxe5 fxe5 35. Kf2 exd4 36. Rxe8 Bxe8 37. Rxd4 Ke6 38. Rxb4 Bxh5 39. Rb7 Kd7 40. b4 Kc6 41. Ra7 Be5 42. Ra6+ Kc7 43. Kg2 d4 44. b5 d3 45. Ra7+ Kd8 46. c6 d2 47. Rd7+ Kc8 48. Rxd2 Bf7 49. b6 g5 50. b7+ Kc7 51. Rd7+ Kxc6 52. Rxf7 g4 53. Re7 Bb8 54. Kf1 g3 55. Kg2 Kb6 56. Rf7 Kc6 57. Kf3 Kb6 58. Rg7 Kc6 59. Ke4 Bc7 60. Rxc7+ Kxc7 61. Kf3 Kxb7 62. Kxg3 1/2-1/2

[Event "Champions Challenge 94th"]
[Site "Playchess.com INT"]
[Date "2005.05.14"]
[Round "1.1"]
[White "Nakamura, Hikaru"]
[Black "Mortensen, Erling"]
[Result "1-0"]
[WhiteElo "2657"]
[BlackElo "2471"]
[PlyCount "71"]
[EventDate "2005.05.14"]
[EventType "k.o. (blitz)"]
[EventRounds "5"]
[EventCountry "GER"]
[SourceTitle "EXT 2008"]
[Source "ChessBase"]
[SourceDate "2007.11.25"]
[SourceVersion "1"]
[SourceVersionDate "2007.11.25"]
[SourceQuality "1"]

1. e4 c5 2. Nf3 e6 3. d4 cxd4 4. Nxd4 a6 5. Bd3 Bc5 6. Nb3 Ba7 7. 0-0 Nc6 8. Qe2 Nge7 9. Be3 Bxe3 10. Qxe3 e5 11. f4 exf4 12. Qxf4 0-0 13. N1d2 Ng6 14. Qd6 Qe7 15. Nc4 b5 16. Qxe7 Ncxe7 17. Nd6 Rb8 18. Be2 Ne5 19. a4 bxa4 20. Rxa4 Rb6 21. Rd1 N7c6 22. h3 g6 23. Nxc8 Rxc8 24. Rxa6 Rxa6 25. Bxa6 Ra8 26. Bb5 Ra2 27. Rb1 Nb4 28. Nd4 Kh8 29. c3 Nbd3 30. b4 Nf4 31. Bf1 d5 32. b5 dxe4 33. b6 Ra8 34. c4 Nfd3 35. Bxd3 Nxd3 36. b7 1-0

[Event "Champions Challenge 92nd"]
[Site "Playchess.com INT"]
[Date "2005.04.30"]
[Round "1.1"]
[White "Filippov, Anton"]
[Black "Mortensen, Erling"]
[Result "1-0"]
[WhiteElo "2466"]
[BlackElo "2471"]
[PlyCount "47"]
[EventDate "2005.04.30"]
[EventType "k.o. (blitz)"]
[EventRounds "5"]
[EventCountry "GER"]
[SourceTitle "EXT 2007"]
[Source "ChessBase"]
[SourceDate "2006.11.23"]
[SourceVersion "1"]
[SourceVersionDate "2006.11.23"]
[SourceQuality "1"]

1. e4 c5 2. Nf3 e6 3. d4 cxd4 4. Nxd4 a6 5. Be2 Nf6 6. Nc3 d6 7. 0-0 Be7 8. Kh1 Qc7 9. f4 0-0 10. a4 Nc6 11. Be3 Bd7 12. Qd2 Nxd4 13. Bxd4 Bc6 14. Bd3 Nd7 15. a5 Nc5 16. Qe2 Rfe8 17. Rf3 Bf8 18. Rh3 g6 19. Qf2 e5 20. fxe5 Nxd3 21. Qh4 h5 22. exd6 Qxd6 23. Rxd3 Bg7 24. Bxg7 1-0

[Event "Champions Challenge 92nd"]
[Site "Playchess.com INT"]
[Date "2005.04.30"]
[Round "1.2"]
[White "Mortensen, Erling"]
[Black "Filippov, Anton"]
[Result "0-1"]
[WhiteElo "2471"]
[BlackElo "2466"]
[PlyCount "70"]
[EventDate "2005.04.30"]
[EventType "k.o. (blitz)"]
[EventRounds "5"]
[EventCountry "GER"]
[SourceTitle "EXT 2007"]
[Source "ChessBase"]
[SourceDate "2006.11.23"]
[SourceVersion "1"]
[SourceVersionDate "2006.11.23"]
[SourceQuality "1"]

1. e4 e5 2. Nf3 Nc6 3. Bb5 a6 4. Ba4 d6 5. c4 Bd7 6. Nc3 Nge7 7. 0-0 Ng6 8. d4 Be7 9. d5 Nb8 10. Be3 h6 11. b4 a5 12. a3 Bg5 13. Qd2 Bxe3 14. Qxe3 0-0 15. c5 Bg4 16. Nd2 Na6 17. cxd6 cxd6 18. Rab1 axb4 19. axb4 Nf4 20. f3 Bc8 21. g3 Nh3+ 22. Kh1 f5 23. exf5 Bxf5 24. Nce4 Nc7 25. Bb3 Nb5 26. Nc4 Ra6 27. Ra1 Bxe4 28. fxe4 Rxa1 29. Rxa1 Nd4 30. Kg2 Rf2+ 31. Kxh3 Qd7+ 32. g4 Rf3+ 33. Qxf3 Nxf3 34. Rf1 h5 35. Ne3 Nd2 0-1

[Event "BL2-Nord 0405"]
[Site "Germany"]
[Date "2005.02.13"]
[Round "7.1"]
[White "Mortensen, Erling"]
[Black "Lamprecht, Frank"]
[Result "1/2-1/2"]
[WhiteElo "2465"]
[BlackElo "2413"]
[PlyCount "126"]
[EventDate "2004.10.24"]
[EventType "team-tourn"]
[EventRounds "9"]
[EventCountry "GER"]
[SourceTitle "EXT 2007"]
[Source "ChessBase"]
[SourceDate "2006.11.23"]
[SourceVersion "1"]
[SourceVersionDate "2006.11.23"]
[SourceQuality "1"]
[WhiteTeam "Luebeck"]
[BlackTeam "Hamburg Koenigsspringer"]
[WhiteTeamCountry "GER"]
[BlackTeamCountry "GER"]

1. e4 e6 2. d3 c5 3. Nf3 Nc6 4. g3 g6 5. Bg2 Bg7 6. 0-0 Nge7 7. c3 d6 8. d4 0-0 9. dxc5 dxc5 10. Qe2 Qc7 11. Re1 e5 12. Na3 b6 13. Nb5 Qb8 14. a4 Rd8 15. Rd1 Ba6 16. h4 Qb7 17. Be3 Na5 18. h5 Qc6 19. b4 Nb7 20. hxg6 hxg6 21. Ng5 Rxd1+ 22. Rxd1 Rd8 23. Rxd8+ Nxd8 24. Qd2 Bxb5 25. axb5 Qc7 26. bxc5 bxc5 27. Bxc5 Bf6 28. Be3 Nc8 29. Bf1 Nb6 30. Qa2 Kg7 31. c4 Be7 32. c5 Bxc5 33. Bxc5 Qxc5 34. Qxa7 Kf6 35. Qb8 Ke7 36. Nf3 Nd7 37. Qa8 Qc7 38. Qd5 Qd6 39. Bc4 Qxd5 40. Bxd5 Kd6 41. Ng5 Ke7 42. Kg2 f6 43. Nf3 Nb6 44. Nh4 Nxd5 45. exd5 Kd6 46. Nxg6 Kxd5 47. Kf3 Nf7 48. Ne7+ Kc5 49. b6 Kxb6 50. Nd5+ Kc5 51. Nxf6 Kd4 52. Ne4 Nh6 53. Ng5 Nf5 54. g4 Nh4+ 55. Kg3 Ng6 56. Nf3+ Kd3 57. Nh4 Ne7 58. g5 e4 59. Kf4 Ke2 60. Kxe4 Kxf2 61. Ke5 Kg3 62. Nf5+ Kg4 63. Nxe7 Kxg5 1/2-1/2

[Event "BL2-Nord 0405"]
[Site "Germany"]
[Date "2005.01.30"]
[Round "6.1"]
[White "Schilow, Wladimir"]
[Black "Mortensen, Erling"]
[Result "0-1"]
[WhiteElo "2428"]
[BlackElo "2465"]
[PlyCount "80"]
[EventDate "2004.10.24"]
[EventType "team-tourn"]
[EventRounds "9"]
[EventCountry "GER"]
[SourceTitle "EXT 2007"]
[Source "ChessBase"]
[SourceDate "2006.11.23"]
[SourceVersion "1"]
[SourceVersionDate "2006.11.23"]
[SourceQuality "1"]
[WhiteTeam "Kreuzberg II"]
[BlackTeam "Luebeck"]
[WhiteTeamCountry "GER"]
[BlackTeamCountry "GER"]

1. d4 Nf6 2. Nc3 d5 3. Bg5 Nbd7 4. Qd3 c6 5. 0-0-0 b5 6. f3 b4 7. Nb1 Qa5 8. Bd2 Ba6 9. Qb3 e6 10. a3 Rb8 11. axb4 Bxb4 12. Bxb4 Rxb4 13. Qa3 Qb6 14. Nc3 0-0 15. Na2 Rb5 16. b4 Qb7 17. e3 Rb6 18. Ne2 Bc4 19. Nec3 Ra6 20. Qb2 Bxf1 21. Rhxf1 Nb6 22. Qb3 Nc4 23. Na4 Rxa4 24. Qxa4 Nxe3 25. Rfe1 Nxd1 26. Rxd1 Nd7 27. Qb3 Nb6 28. Kd2 Nc4+ 29. Ke2 Qc7 30. g3 e5 31. Kf2 exd4 32. Rxd4 Re8 33. Qd3 Qe5 34. Nc3 Qe1+ 35. Kg2 g6 36. Rxc4 dxc4 37. Qxc4 Qd2+ 38. Kh3 Qxc2 39. Qxc6 Qf5+ 40. Kg2 Rc8 0-1

[Event "Olympiad-36"]
[Site "Mallorca"]
[Date "2004.10.23"]
[Round "8"]
[White "Nikolaidis, Ioannis"]
[Black "Mortensen, Erling"]
[Result "1/2-1/2"]
[WhiteElo "2527"]
[BlackElo "2465"]
[PlyCount "112"]
[EventDate "2004.10.15"]
[EventType "team-swiss"]
[EventRounds "14"]
[EventCountry "ESP"]
[SourceTitle "CBM 104"]
[Source "ChessBase"]
[SourceDate "2005.01.27"]
[SourceVersion "1"]
[SourceVersionDate "2005.01.27"]
[SourceQuality "1"]
[WhiteTeam "Greece"]
[BlackTeam "Denmark"]
[WhiteTeamCountry "GRE"]
[BlackTeamCountry "DEN"]

1. d4 Nf6 2. c4 g6 3. Nc3 Bg7 4. e4 d6 5. Bg5 0-0 6. Qd2 c5 7. d5 b5 8. cxb5 a6 9. a4 Qa5 10. f3 Nbd7 11. Nh3 Nb6 12. Nd1 Qxd2+ 13. Kxd2 e6 14. dxe6 fxe6 15. Nc3 axb5 16. Bxb5 Ba6 17. Kc2 h6 18. Bf4 d5 19. a5 Nc4 20. b3 Bxb5 21. Nxb5 Nxa5 22. Nc7 Ra7 23. Nxe6 Re8 24. Nxg7 Kxg7 25. Bd2 Rea8 26. e5 Nd7 27. e6 Nb6 28. Nf4 Nc6 29. Rxa7+ Rxa7 30. Kb1 g5 31. Nd3 c4 32. Nb4 Nxb4 33. Bxb4 Nc8 34. Rd1 Kf6 35. Rxd5 cxb3 36. Rd8 Ne7 37. Rh8 Nd5 38. Rxh6+ Kg7 39. e7 Nxe7 40. Rd6 Nf5 41. Bc3+ Kh7 42. Rd5 Kg6 43. Bd2 Ra2 44. h3 Nh4 45. Rxg5+ Kf6 46. Rd5 Nxg2 47. Bc3+ Ke6 48. Re5+ Kd6 49. Rb5 Rf2 50. Rxb3 Kd5 51. Bf6 Ne1 52. h4 Rxf3 53. Rxf3 Nxf3 54. h5 Nd2+ 55. Kc2 Ne4 56. Bh4 Ke6 1/2-1/2

[Event "Olympiad-36"]
[Site "Mallorca"]
[Date "2004.10.19"]
[Round "5"]
[White "Mortensen, Erling"]
[Black "Soppe, Guillermo"]
[Result "1/2-1/2"]
[WhiteElo "2465"]
[BlackElo "2433"]
[PlyCount "151"]
[EventDate "2004.10.15"]
[EventType "team-swiss"]
[EventRounds "14"]
[EventCountry "ESP"]
[SourceTitle "CBM 104"]
[Source "ChessBase"]
[SourceDate "2005.01.27"]
[SourceVersion "1"]
[SourceVersionDate "2005.01.27"]
[SourceQuality "1"]
[WhiteTeam "Denmark"]
[BlackTeam "Argentina"]
[WhiteTeamCountry "DEN"]
[BlackTeamCountry "ARG"]

1. e4 c6 2. d4 d5 3. exd5 cxd5 4. c4 Nf6 5. Nc3 g6 6. cxd5 Bg7 7. Bc4 0-0 8. Nf3 Nbd7 9. 0-0 Nb6 10. Bb3 Nbxd5 11. Re1 b6 12. Bg5 Bb7 13. Ne5 Nxc3 14. bxc3 Rc8 15. Qd3 Rc7 16. Rad1 Qc8 17. c4 Ng4 18. Nxg4 Qxg4 19. Qg3 Qxg3 20. hxg3 Rd8 21. Bf4 Rcd7 22. d5 Ba6 23. Re4 e6 24. Rde1 Bc3 25. Rc1 Bb2 26. Rb1 exd5 27. cxd5 Bd3 28. Rxb2 Bxe4 29. d6 Rxd6 30. Bxd6 Rxd6 31. Re2 Rd4 32. f3 Bd5 33. Re8+ Kg7 34. Rd8 Bxb3 35. Rxd4 Bxa2 36. Ra4 Be6 37. Rxa7 b5 38. Rb7 Bc4 39. g4 Kf6 40. Kf2 h6 41. Rb6+ Kg7 42. Ke3 Bf1 43. g3 Bc4 44. Kf4 Be2 45. Rc6 Kf8 46. Rc3 Kg7 47. Re3 Bd1 48. Re1 Bc2 49. Re2 Bb3 50. Rb2 Bc4 51. g5 hxg5+ 52. Kxg5 Bd3 53. Rd2 Bc4 54. Rd4 Be2 55. Kf4 Kf6 56. Rd6+ Ke7 57. Rb6 Kd7 58. Ke3 Bc4 59. Kd4 Kc7 60. Rf6 Kd7 61. Ra6 Be6 62. Rb6 Bc4 63. f4 Kc7 64. Kc5 Kd7 65. Ra6 Ke7 66. Kd4 Kd7 67. Ke5 Kc7 68. Rd6 Be6 69. Rd1 b4 70. g4 Bxg4 71. Rb1 Kd7 72. Rxb4 Ke7 73. Rb7+ Bd7 74. Ra7 f6+ 75. Kd5 Ke8 76. Kd6 1/2-1/2